000 00329nam a2200133Ia 4500
005 20260328104319.0
008 260328s9999||||xx |||||||||||||| ||und||
100 _aSteiner, Dietmar
245 0 _aAdolf Krischanitz /
_cDietmar Steiner
260 _bGustavo Gili
300 _a96 p.
650 _aADOLF KRISCHANISTZ
942 _cBK
999 _c11286
_d11286